FSMA and food safety systems : understanding and implementing the rules

Salvato in:
Dettagli Bibliografici
Autore principale:  Barach, Jeffrey T
Natura: Sách
Lingua:Undetermined
Pubblicazione:  Hoboken, NJ  2017
Soggetti:
Tags: Aggiungi Tag
Nessun Tag, puoi essere il primo ad aggiungerne! !
Thư viện lưu trữ: Trung tâm Thư viện - Trường Đại học Công nghiệp TP. Hồ Chí Minh
LEADER 00508nam a2200157Ia 4500
001 UIH_03858
008 231011s9999 xx 000 0 und d
082 |a  363.19 
100 |a  Barach, Jeffrey T 
245 0 |a  FSMA and food safety systems : understanding and implementing the rules 
245 0 |c  Barach, Jeffrey T 
260 |b  Hoboken, NJ 
260 |c  2017 
650 |a  Food; Food;  
927 |a Sách 
980 |a Trung tâm Thư viện - Trường Đại học Công nghiệp TP. Hồ Chí Minh